| 000 | 00692nam a22002297a 4500 | ||
|---|---|---|---|
| 005 | 20170124110038.0 | ||
| 010 | _aA-456658 | ||
| 020 | _c00.00 | ||
| 035 | _aA-456658 | ||
| 037 | _bCen Lib/Ret | ||
| 040 |
_aDPL _bEN |
||
| 082 |
_a882 _bAFZ |
||
| 100 |
_aAfzal Qutb _923155 |
||
| 245 |
_aTreatise on competing fath oriented family norms : _cby Afzal Qutb _bhindu, christian and islamic principles / |
||
| 260 |
_aKasmir _bUpright Study Home _c1990 |
||
| 270 |
_bKashmir _aTaj Manjil, Noonamy _e192232 |
||
| 300 |
_a176p. _c19cm(Hb) |
||
| 500 | _aIncludes index | ||
| 650 |
_aEnglish literature _987773 |
||
| 650 |
_aDrama _987774 |
||
| 942 |
_2ddc _cEN _h882 _mAFZ |
||
| 999 |
_c128359 _d128359 |
||